000 00374nam a2200157Ia 4500
003 OSt
005 20231214072240.0
008 170524s9999 xx 000 0 und d
020 _a81-7488-707-5
040 _ciimt
100 _aMalhotra-R.K.
245 0 _aStrategic Management in the hotel & Resturant industry
260 _bAnmol Pub
260 _c1998
942 _2ddc
_c02
999 _c7419
_d7419